Obchodné partnerstvo v procese komercionalizácie produktu

Salvato in:
Dettagli Bibliografici
Autore principale: Štensová, Antónia
Altri autori: Daňo, Ferdinand, 1959-, Richterová, Kornélia, Cibáková, Viera, Labská, Helena
Natura: Libro
Lingua:slovacco
Pubblicazione: Bratislava Vydavateľstvo EKONÓM [2001]
Soggetti:
Tags: Aggiungi Tag
Nessun Tag, puoi essere il primo ad aggiungerne!!

MARC

LEADER 00000nam a2200000 4500
001 0156803
005 20240502072734.9
020 |a 80-225-1423-3 
041 0 |a slo 
044 |a SK 
245 1 0 |a Obchodné partnerstvo v procese komercionalizácie produktu  |c Antónia Štensová, Ferdinand Daňo, Kornélia Richterová 
264 1 |a Bratislava  |b Vydavateľstvo EKONÓM  |c [2001] 
300 |a 83 s. 
610 2 0 |a distribúcia 
610 2 0 |a kanály distribučné 
610 2 0 |a partneri obchodní 
610 2 0 |a maloobchod 
610 2 0 |a franchising 
100 1 |a Štensová, Antónia 
700 1 |a Daňo, Ferdinand, 1959- 
700 1 |a Richterová, Kornélia 
700 1 |a Cibáková, Viera 
700 1 |a Labská, Helena